<?xml version="1.0" encoding="UTF-8"?>
<collection xmlns="http://www.loc.gov/MARC21/slim">
 <record>
  <leader>01118pamaa2200229   4500</leader>
  <controlfield tag="001">0000052729</controlfield>
  <controlfield tag="005">20140708090000.0</controlfield>
  <controlfield tag="008">140718s2014                             eng  </controlfield>
  <datafield tag="090" ind1="0" ind2="0">
   <subfield code="a">HD30.2 </subfield>
   <subfield code="b">YAN 2007</subfield>
  </datafield>
  <datafield tag="100" ind1="1" ind2="1">
   <subfield code="a">Yang Liu </subfield>
  </datafield>
  <datafield tag="245" ind1="1" ind2="0">
   <subfield code="a">Evaluation of the utilization of office automation system in IT based company  </subfield>
   <subfield code="c">Yang Liu.</subfield>
  </datafield>
  <datafield tag="260" ind1="0" ind2="0">
   <subfield code="a">Nilai: </subfield>
   <subfield code="b">INTI International University, </subfield>
   <subfield code="c">2007.</subfield>
  </datafield>
  <datafield tag="300" ind1=" " ind2=" ">
   <subfield code="a">viii, 78p.: </subfield>
   <subfield code="b">ill.; </subfield>
   <subfield code="c">30 cm.</subfield>
  </datafield>
  <datafield tag="500" ind1="0" ind2="0">
   <subfield code="a">MISCU 35</subfield>
  </datafield>
  <datafield tag="500" ind1="0" ind2="0">
   <subfield code="a">M.Sc. Of Management information systems, 2007</subfield>
  </datafield>
  <datafield tag="500" ind1="0" ind2="0">
   <subfield code="a">&quot;A dissertation submitted in partial fulfillment of the requirement of M.Sc. Of Management information systems at Coventry University under the management and supervision of Faculty of Computing and IT,  INTI International University 2007</subfield>
  </datafield>
  <datafield tag="502" ind1="0" ind2="0">
   <subfield code="a">Thesis (MISCU), Faculty of Computing and IT, INTI International University</subfield>
  </datafield>
  <datafield tag="650" ind1="0" ind2="0">
   <subfield code="a">Thesis (MISCU) -- </subfield>
   <subfield code="x">Management information systems </subfield>
  </datafield>
  <datafield tag="650" ind1="0" ind2="0">
   <subfield code="a">MISCU </subfield>
  </datafield>
  <datafield tag="650" ind1="0" ind2="0">
   <subfield code="a">Office management </subfield>
  </datafield>
  <datafield tag="650" ind1="0" ind2="0">
   <subfield code="a">Information storage and retrieval systems -- </subfield>
   <subfield code="x">Business </subfield>
  </datafield>
  <datafield tag="901" ind1=" " ind2=" ">
   <subfield code="u">http://intilib.intimal.edu.my/equip-intin/custom/home.jsp</subfield>
  </datafield>
 </record>
</collection>
